Statistics for National Lampoon Films and Movies

Click here to take the quiz!

General Stats

  • This quiz has been taken 53 times
  • The average score is 5 of 10

Answer Stats

YearFilm% Correct
1983Vacation
92%
1989Christmas Vacation
86%
1978Animal House
80%
1985European Vacation
74%
1997Vegas Vacation
54%
2002Van Wilder
38%
1983Movie Madness
10%
1993Loaded Weapon 1
8%
1995Senior Trip
8%
1982Class Reunion
6%

Score Distribution

Percentile by Number Answered

Percent of People with Each Score

Your Score History

You have not taken this quiz